[Event "MCR mladeze 2021 - D12"]
[Site "Kouty nad Desnou"]
[Date "2021.06.26"]
[Round "6"]
[White "Kaplanova, Dominika"]
[Black "Bouchalova, Kveta"]
[Result "1/2-1/2"]
[WhiteElo "1158"]
[BlackElo "1230"]
[EventDate "2021.06.22"]

1. e4  e5  2. Nf3  Nc6
3. d4  exd4  4. Nxd4
Nf6  5. Nxc6  bxc6
6. Nc3  Bb4  7. Bd2
O-O  8. Bd3  d5
9. exd5  cxd5  10. O-O  h6
11. a3  Bd6  12. Nb5
Be5  13. Bb4  Re8
14. Re1  d4  15. Be4
Nxe4  16. Rxe4  Bxh2+
17. Kxh2  Rxe4  18. Qf3
Rh4+  19. Kg1  Bg4
20. Qg3  g5  21. Rd1
Bxd1  22. Nxc7  Rc8
23. Bd6  Qf6  24. Nd5
Qe6  25. Ne7+  Kf8
26. Nxc8+  Ke8  27. Qe5
Qxe5  28. Bxe5  Re4
29. Nd6+  Ke7  30. Nxe4
Bxc2  31. Bxd4  Bxe4
32. Bxa7  Kd6  33. f3
Bc2  34. Kf2  Kd5
35. Kg3  Ke5  36. Bb8+
Kf5  37. f4  f6
38. fxg5  hxg5  39. Ba7  Bd1
40. Bd4  Ke6  41. Be3
Kf5  42. Kf2  Kg4
43. g3  f5  44. Bd2
Ba4  45. Bc1  1/2-1/2

[Event "MCR mladeze 2021 - D12"]
[Site "Kouty nad Desnou"]
[Date "2021.06.26"]
[Round "6"]
[White "Svacinova, Valentyna"]
[Black "Lackova, Ludmila"]
[Result "1/2-1/2"]
[WhiteElo "1128"]
[BlackElo "1013"]
[EventDate "2021.06.22"]

1. e4  e5  2. Nf3  Nf6
3. Nxe5  d6  4. Nf3
Nxe4  5. Nc3  Nxc3
6. dxc3  Bg4  7. Be3
Be7  8. Bd3  O-O
9. Qd2  Nc6  10. O-O-O
Ne5  11. Be4  Nxf3
12. gxf3  Be6  13. Rhg1
Bf6  14. Bd4  h6
15. Qxh6  g6  16. h4
Bxd4  17. cxd4  Qf6
18. d5  Bf5  19. h5
Bxe4  20. fxe4  Qg7
21. Qg5  Kh7  22. hxg6+
Qxg6  23. Rh1+  Kg7
24. Rdg1  Qxg5+  25. Rxg5+
Kf6  26. Rf5+  Ke7
27. Kd2  Rh8  28. Rxh8
Rxh8  29. Ke3  Rh3+
30. Kd4  f6  31. c4
b6  32. b4  Ra3
33. c5  dxc5+  34. bxc5  Rxa2
35. cxb6  cxb6  36. d6+
Ke6  37. Ke3  Kxd6 1/2-1/2

[Event "MCR mladeze 2021 - D12"]
[Site "Kouty nad Desnou"]
[Date "2021.06.27"]
[Round "7"]
[White "Brezikova, Beata"]
[Black "Rybackova, Lucie"]
[Result "0-1"]
[WhiteElo "1219"]
[BlackElo "1372"]
[EventDate "2021.06.22"]

1. e4  c5  2. Nf3  d6
3. d4  cxd4  4. Nxd4
Nf6  5. Nc3  g6
6. Be3  Bg7  7. f3  O-O
8. Qd2  Nc6  9. O-O-O
d5  10. exd5  Nxd5
11. Nxc6  bxc6  12. Nxd5
cxd5  13. Qxd5  Qc7
14. Qc5  Qb7  15. b3
Bf5  16. Bd3  Rac8
17. Qa5  Rc3  18. Bxf5
Rxe3  19. Be4  Qb8
20. h4  Qf4  21. g3
Qf6  22. c3  Rxc3+
23. Kd2  Qd4+  24. Ke2
Re3+  25. Kf2  Rd3+
0-1

[Event "MCR mladeze 2021 - D12"]
[Site "Kouty nad Desnou"]
[Date "2021.06.27"]
[Round "7"]
[White "Dorazilova, Kristyna"]
[Black "Mikesova, Lenka"]
[Result "0-1"]
[WhiteElo "1105"]
[BlackElo "1010"]
[EventDate "2021.06.22"]

1. e4  e5  2. Nf3  Nc6
3. Bb5  f5  4. exf5
e4  5. Qe2  Qe7
6. Bxc6  dxc6  7. Nd4  Nf6
8. Nc3  Qe5  9. Nb3
Bxf5  10. d3  Bd6
11. dxe4  Nxe4  12. Nxe4
Bxe4  13. f3  Bxc2
14. Qxe5+  Bxe5  15. Kd2
Bg6  16. Ke2  O-O-O
17. f4  Bf6  18. g4
Rhe8+  19. Kf2  Bh4+
20. Kg2  Re2+  21. Kh3
Be1  22. Rxe1  Rxe1
23. Kg3  Re2  24. h3
Rd3+  25. Kh4 h6  26. g5
hxg5+  27. fxg5  Re4+
0-1

[Event "MCR mladeze 2021 - D12"]
[Site "Kouty nad Desnou"]
[Date "2021.06.27"]
[Round "7"]
[White "Zadrapova, Amalie"]
[Black "Barteckova, Valerie"]
[Result "1-0"]
[WhiteElo "1471"]
[BlackElo "1292"]
[EventDate "2021.06.22"]

1. c4  e5  2. Nc3  Nf6
3. Nf3  d6  4. g3
Be7  5. Bg2  O-O
6. O-O  Nc6  7. d4
h6  8. dxe5  dxe5
9. Nd5  Bd6  10. Nd2
Re8  11. Nxf6+  Qxf6
12. Ne4  Qe6  13. Nxd6
cxd6  14. b3  Qe7
15. Ba3  Rd8  16. Qd2
Bg4  17. h3  Bh5
18. g4  Bg6  19. Rfd1
Qf6  20. e3  h5
21. Qe2  hxg4  22. hxg4  Rac8
23. Rd2  Rc7  24. Rad1
e4  25. Rxd6  Rxd6
26. Bxd6  Rd7  27. Bg3
Rxd1+  28. Qxd1  Ne5
29. Bxe5  Qxe5  30. Qd4
Qxd4  31. exd4  Kf8
32. Kf1  f5  33. gxf5
Bxf5  34. Ke2  Ke7
35. Ke3  b6  36. Bxe4
Bxe4  37. Kxe4  1-0

[Event "MCR mladeze 2021 - D12"]
[Site "Kouty nad Desnou"]
[Date "2021.06.27"]
[Round "7"]
[White "Slivova, Linda"]
[Black "Buchtova, Viktorie"]
[Result "0-1"]
[WhiteElo "1150"]
[BlackElo "1432"]
[EventDate "2021.06.22"]

1. e4  c5  2. Nc3  d6
3. g3  Nf6  4. Bg2
g6  5. d3  Bg7
6. Be3  O-O  7. h3  Nbd7
8. Qd2  Ne5  9. Bh6
Bd7  10. Bxg7  Kxg7
11. f4  Nc6  12. Nf3
e6  13. O-O  a6
14. Nd1  b5  15. Ne3  Qb6
16. Kh2  e5  17. f5
Rac8  18. g4  Na5
19. g5  Nh5  20. Nd5
Qd8  21. f6+  Kh8
22. Ne7  Rb8  23. Qf2
Be6  24. Nd2  Qd7
25. Qh4  c4  26. Bf3
Nf4  27. Qh6  Rg8
28. Nxg8  Rxg8  29. Rh1
cxd3  30. cxd3  Nxd3
31. b3  Qa7  32. Rhf1
Qe3  33. Nb1  Nc6
34. Bg2  Nd4  35. Na3
Nf2  36. Qh4  Nd3
37. Qg3  Qd2  38. Rad1
Qxa2  39. Qxd3  Qxa3
40. Ra1  Qb4  41. Rxa6
Nxb3  42. Qxd6  Qxd6
43. Rxd6  Rb8  44. Rfd1
Nd4  45. Rb1  b4
46. Rxb4  Rc8  47. Rb7
h5  48. gxh6  Kh7
49. Ra6  Kxh6  50. Ra5
Rc2  51. Ra3  Kg5
52. Rg3+  Kxf6  53. Rb1
Ne2  54. Rf3+  Nf4
55. Rg3  Bxh3  56. Rxh3
Rxg2+  57. Kh1  Re2
58. Rb4  Nxh3  0-1

[Event "MCR mladeze 2021 - D12"]
[Site "Kouty nad Desnou"]
[Date "2021.06.27"]
[Round "7"]
[White "Kammova, Katerina"]
[Black "Horkova, Tereza"]
[Result "1/2-1/2"]
[WhiteElo "1121"]
[BlackElo "1230"]
[EventDate "2021.06.22"]

1. e4  c5  2. Nf3  e6
3. b4  cxb4  4. a3
bxa3  5. d4  d5
6. e5  Nc6  7. c3  Bd7
8. Bd3  h6  9. Nxa3
a6  10. h4  Nge7
11. Kf1  Nc8  12. Ng1
Nb6  13. Qh5  Be7
14. Nh3  Bxh4  15. Bg5
Bxg5  16. Nxg5  Qe7
17. Rh3  Rf8  18. Nh7
Rg8  19. Rg3  O-O-O
20. Qd1  Na5  21. Qb1
Nac4  22. Nxc4  Nxc4
23. Bxc4  dxc4  24. Qb6
Bb5  25. Kg1  Rh8
26. Rxg7  Rhg8  27. Rxg8
Rxg8  28. Nf6  Rg6
29. Qa7  Bc6  30. g3
Qd8  31. Qc5 1/2-1/2

[Event "MCR mladeze 2021 - D12"]
[Site "Kouty nad Desnou"]
[Date "2021.06.27"]
[Round "7"]
[White "Sochorova, Valentyna"]
[Black "Kaplanova, Dominika"]
[Result "1/2-1/2"]
[WhiteElo "1053"]
[BlackElo "1158"]
[EventDate "2021.06.22"]

1. e4  e5  2. Nf3  Nc6
3. c3  Nf6  4. d4
exd4  5. e5  Nd5
6. cxd4  d6  7. Bb5
Be7  8. exd6  Qxd6
9. Nc3  O-O  10. O-O
Nxc3  11. bxc3  a6
12. Ba4  b5  13. Bc2
Bf6  14. Qd3  g6
15. Bh6  Bg7  16. Qd2
Ne7  17. Nh4  Qd5
18. Qf4  Bxh6  19. Qxh6
Nf5  20. Nxf5  Bxf5
21. Bxf5  Qxf5  22. Rfe1
Rfe8  23. h3  c5
24. Qd2  Qd7  25. Rad1
cxd4  26. Qxd4  Qxd4
27. cxd4  Rxe1+  28. Rxe1
Rd8  29. Rd1  f5
30. Kf1  Kf7 1/2-1/2

[Event "MCR mladeze 2021 - D12"]
[Site "Kouty nad Desnou"]
[Date "2021.06.27"]
[Round "7"]
[White "Hladka, Leontyna"]
[Black "Svacinova, Valentyna"]
[Result "0-1"]
[WhiteElo "1127"]
[BlackElo "1128"]
[EventDate "2021.06.22"]

1. e4  e5  2. Nf3  Nc6
3. d4  exd4  4. Nxd4
Bc5  5. Be3  Qf6
6. c3  Nge7  7. Bc4
O-O  8. O-O  b6
9. Na3  d5  10. Bxd5  Nxd5
11. exd5  Ne5  12. Nac2
Qg6  13. Kh1  Nc4
14. Rb1  Nxe3  15. Nxe3
Bd6  16. Nf3  Qh6
17. Qd4  Re8  18. Qh4
Qg6  19. Rbd1  Re4
20. Qd8+  Bf8  21. Qxc7
Ba6  22. Rfe1  Bd6
23. Qd7  Re7  24. Qf5
Rxe3  25. Qxg6  Rxe1+
26. Rxe1  hxg6  27. Nd4
Bc4  28. Rd1  Re8
29. Nf3  Re2  0-1

[Event "MCR mladeze 2021 - D12"]
[Site "Kouty nad Desnou"]
[Date "2021.06.27"]
[Round "7"]
[White "Stehlikova, Vanessa"]
[Black "Zilava, Lucie"]
[Result "1/2-1/2"]
[WhiteElo "1034"]
[BlackElo "1074"]
[EventDate "2021.06.22"]

1. e4  e5  2. Nf3  Nf6
3. Nc3  Nc6  4. Bb5
d6  5. Bxc6+  bxc6
6. O-O  Qd7  7. d4
Qg4  8. dxe5  dxe5
9. Nxe5  Qxd1  10. Rxd1
Bg4  11. Nxg4  Nxg4
12. h3  Ne5  13. Bf4
Bd6  14. Bxe5  Bxe5
15. Re1  O-O-O  16. Red1
Rhe8  17. g3  Bxc3
18. bxc3  Rxe4  19. Rxd8+
Kxd8  20. Rb1  Kc8
21. Rb4  Re1+  22. Kg2
g5  23. Rb2  h5
24. c4  f5  25. c5  Re4
26. c3  g4  27. hxg4
Rxg4  28. Rb4  Rg7
29. Rf4  Rg5  30. Kh3
Kd7  31. f3  Ke6 1/2-1/2

[Event "MCR mladeze 2021 - D12"]
[Site "Kouty nad Desnou"]
[Date "2021.06.28"]
[Round "8"]
[White "Rybackova, Lucie"]
[Black "Buchtova, Viktorie"]
[Result "1-0"]
[WhiteElo "1372"]
[BlackElo "1432"]
[EventDate "2021.06.22"]

1. e4  d5  2. exd5  Nf6
3. d4  Nxd5  4. Nc3
Nxc3  5. bxc3  Bf5
6. Bd3  Qd5  7. Qf3
Qxf3  8. Nxf3  Bg4
9. Be4  c6  10. Ne5
Be6  11. Rb1  f6
12. Nd3  Bc8  13. Bf4
Nd7  14. Bf5  Nb6
15. Bxc8  Rxc8  16. O-O
g5  17. Be3  Rc7
18. Nc5  Kf7  19. f4
Nc4  20. Bc1  b6
21. Na6  Rd7  22. fxg5
Rg8  23. Nb8  Rd6
24. gxf6  exf6  25. Bf4
Re6  26. Rbe1  c5
27. d5  Re7  28. Rxe7+
Bxe7  29. Nc6  a6
30. Bg3  Ne3  31. Nxe7
Nxf1  32. Nxg8  Nxg3
33. hxg3  Kxg8  34. Kf2
Kf7  35. Ke3  Ke7
36. c4  b5  37. Kd3
Kd6  38. cxb5  axb5
39. c4  h6  40. cxb5
Kxd5  41. a4  c4+
42. Kc3  Kc5  43. g4
Kd5 1-0

[Event "MCR mladeze 2021 - D12"]
[Site "Kouty nad Desnou"]
[Date "2021.06.28"]
[Round "8"]
[White "Barteckova, Valerie"]
[Black "Mikesova, Lenka"]
[Result "1/2-1/2"]
[WhiteElo "1292"]
[BlackElo "1010"]
[EventDate "2021.06.22"]

1. e4  e5  2. Nf3  Nc6
3. Nc3  Nf6  4. Bb5
Bb4  5. O-O  d6
6. d3  O-O  7. Bg5  Bxc3
8. bxc3  h6  9. Bh4
Bg4  10. h3  Bh5
11. g4  Bg6  12. Nd2
Qd7  13. Bxf6  gxf6
14. Qf3  Kg7  15. Rfe1
Rg8  16. Kf1  Kh7
17. Qxf6  h5  18. Qh4
Qe7  19. Qxe7  Nxe7
20. f3  hxg4  21. hxg4
f6  22. Bc4  Rh8
23. Kf2  c6  24. Rab1
b6  25. Bb3  d5
26. Rbd1  Rad8  27. Kg3  Kg7
28. Rh1  Rxh1  29. Rxh1
dxe4  30. fxe4  c5
31. Bc4  Nc6  1/2-1/2

[Event "MCR mladeze 2021 - D12"]
[Site "Kouty nad Desnou"]
[Date "2021.06.28"]
[Round "8"]
[White "Zadrapova, Amalie"]
[Black "Dorazilova, Kristyna"]
[Result "0-1"]
[WhiteElo "1471"]
[BlackElo "1105"]
[EventDate "2021.06.22"]

1. c4  Nf6  2. Nc3  e6
3. g3  g6  4. Bg2
Bg7  5. Nf3  O-O
6. O-O  d5  7. cxd5
Nxd5  8. Qc2  c6
9. Rd1  Nd7  10. d4
Qc7  11. e4  N5f6
12. Bf4  Qb6 13. Rac1  Re8
14. b3  Qd8  15. b4
Nb6  16. b5  Bd7
17. a4  cxb5  18. axb5
Rc8  19. Qa2  Ra8
20. Nd2  Bc8  21. Nb3
Qe7  22. Nc5  Nfd7
23. Ne2  Rd8  24. Bc7
Re8  25. f4  Bh6
26. e5  Nxc5  27. Rxc5
Nd7  28. Bd6  Qd8
29. Rc7  Bf8  30. Qa3
Nb6  31. Bxb7  Qxc7
32. Bxa8  Nxa8  33. Bxc7
Bxa3  34. Bb8  Bd7
35. Bxa7  Bxb5  36. Nc3
Bc6  37. d5  exd5
38. Nxd5  Kg7  39. Nf6
Rc8  40. Rd3  Be7
41. Ng4  Nc7  42. Bd4
Ne6  43. Bb2  Bc5+
44. Nf2  Bxf2+  45. Kxf2
Be4  46. Rd2  Rc2
47. Rxc2  Bxc2  48. Ke3
Kh6  49. g4  Bb1
50. Ba3  Kg7  51. Bb2
Kf8  52. Bc1  Ke8
53. Ke2  Kd7  54. Be3
Kc6  55. Kd2  Kd5
56. Ke2  Ke4  57. Bf2
Nxf4+  58. Kd2  Kxe5
59. Ke3  Nd5+  60. Kf3
Be4+  61. Ke2  Kf4
62. h3  Bg2  63. h4
Kxg4  64. Ke1  Nf4
65. Kd2  Bf3  66. Ke1
Ng2+  67. Kf1  Nxh4
68. Kg1  Nf5  69. Kh2
h5  70. Kg1  Ng3
71. Kh2  h4  72. Kg1
0-1

[Event "MCR mladeze 2021 - D12"]
[Site "Kouty nad Desnou"]
[Date "2021.06.28"]
[Round "8"]
[White "Horkova, Tereza"]
[Black "Svacinova, Valentyna"]
[Result "1-0"]
[WhiteElo "1230"]
[BlackElo "1128"]
[EventDate "2021.06.22"]

1. e4  e5  2. Nf3  Nc6
3. Bc4  Nf6  4. Ng5
d5  5. exd5  Na5
6. Bb5+  c6  7. dxc6
bxc6  8. Bd3  Be7
9. O-O  O-O  10. Re1
Bd6  11. Nc3  Re8
12. a3  Bg4  13. f3
Bh5  14. b4  Nb7
15. Bb2  c5  16. bxc5
Nxc5  17. Kh1  Nxd3
18. cxd3  Rb8  19. Rb1
Bg6  20. Nge4  Nxe4
21. dxe4  Qh4  22. Nd5
f6  23. d4  exd4
24. g3  Qh5  25. Kg2
Be5  26. Qd3  f5
27. Ba1  Rxb1  28. Rxb1
fxe4  29. fxe4  Bxg3
30. Qxg3  Bxe4+  31. Kg1
Bxb1  32. Nf6+  Kf7
33. Nxh5  Re3  34. Qxg7+
Ke6  35. Qxd4  Re1+
36. Kf2  Re4  37. Ng7+
Kf7  38. Qf6+  Kg8
39. Ne6  1-0

[Event "MCR mladeze 2021 - D12"]
[Site "Kouty nad Desnou"]
[Date "2021.06.28"]
[Round "8"]
[White "Slivova, Linda"]
[Black "Sochorova, Valentyna"]
[Result "1-0"]
[WhiteElo "1150"]
[BlackElo "1053"]
[EventDate "2021.06.22"]

1. d4  f5  2. e3  Nf6
3. Bd3  g6  4. b3
Bg7  5. Bb2  O-O
6. Nf3  d6  7. O-O
Nc6  8. c4  e6
9. Nc3  e5  10. dxe5  dxe5
11. Be2  e4  12. Nd4
Nxd4  13. Qxd4  Qxd4
14. exd4  c6  15. Rfd1
Be6  16. b4  b6
17. b5  c5  18. dxc5  bxc5
19. Na4  Nd7  20. Bxg7
Kxg7  21. Rd6  Rfe8
22. Rad1  Re7  23. Rxe6
Rxe6  24. Rxd7+  Kf8
25. Rxh7  Re5  26. Rh8+
Kg7  27. Rxa8  Kf7
28. Rxa7+  Re7  29. Rxe7+
Kxe7  30. Nxc5  Kd6
31. Nb3  Kc7  32. a4
Kb6  33. a5+  Kc7
34. c5  Kd8  35. a6
Kc8  36. b6  Kb8
37. c6  Kc8  38. a7
Kd8  39. a8=Q+  1-0

[Event "MCR mladeze 2021 - D12"]
[Site "Kouty nad Desnou"]
[Date "2021.06.28"]
[Round "8"]
[White "Kaplanova, Dominika"]
[Black "Kammova, Katerina"]
[Result "1/2-1/2"]
[WhiteElo "1158"]
[BlackElo "1121"]
[EventDate "2021.06.22"]

1. e4  e6  2. d4  d5
3. exd5  exd5  4. Nf3
Nf6  5. Nbd2  Be6
6. Be2  c5  7. dxc5
Bxc5  8. Nb3  Bb6
9. Nbd4  Bg4  10. Be3
Nc6  11. Bb5  Bxd4
12. Bxd4  Qa5+  13. Qd2
Qxb5  14. Qe3+  Be6
15. Qg5  Nxd4  16. Nxd4
Qb6  17. Qxg7  O-O-O
18. Qxf6  Qxb2  19. O-O
Rhg8  20. Rab1  Qxa2
21. Nxe6  fxe6  22. Qxe6+
Kb8  23. Qf7  Qa6
24. Qxh7  Rh8  25. Qf5
Qh6  26. h3  Rdg8
27. Qe5+  Ka8  28. Qh2
Qxh3  29. Qxh3  Rxh3
30. g3  Rh5  1/2-1/2

[Event "MCR mladeze 2021 - D12"]
[Site "Kouty nad Desnou"]
[Date "2021.06.28"]
[Round "8"]
[White "Bouchalova, Kveta"]
[Black "Lackova, Ludmila"]
[Result "1-0"]
[WhiteElo "1230"]
[BlackElo "1013"]
[EventDate "2021.06.22"]

1. e4  e5  2. f4  exf4
3. Nf3  d5  4. exd5
Nf6  5. Bc4  c6
6. O-O  Be7  7. Nc3  cxd5
8. Bb5+  Nc6  9. d4
Qd6  10. Ne5  O-O
11. Bxf4  Nxe5  12. Bxe5
Qb6  13. Rb1  Ne4
14. Nxd5  Bd6  15. Nxb6
axb6  16. Bd3  Bxe5
17. dxe5  Nc5  18. Bc4
Be6  19. Bxe6  Nxe6
20. Qd6  Rfd8  21. Qxb6
Rab8  22. Rbd1  Rxd1
23. Rxd1  g6  24. Rd7
Kg7  25. Rxb7  Rd8
26. Qe3  Rd1+  27. Kf2
Rd8  28. Qb6  Rd2+
29. Kg3  Rxc2  30. Qxe6
Kh6  31. Qxf7  Kg5
32. h4+  Kh5  33. Qxh7#
1-0

[Event "MCR mladeze 2021 - D12"]
[Site "Kouty nad Desnou"]
[Date "2021.06.28"]
[Round "8"]
[White "Zilava, Lucie"]
[Black "Stavova, Lucie"]
[Result "1-0"]
[WhiteElo "1074"]
[BlackElo "1105"]
[EventDate "2021.06.22"]

1. e4  e5  2. Nf3  Nc6
3. d4  exd4  4. Nxd4
Bc5  5. Be3  Qf6
6. Bb5  Nxd4  7. Bxd4
Bxd4  8. O-O  Ne7
9. Nc3  O-O  10. Qd3
d6  11. Rad1  c5
12. Rde1  a6  13. Bc4
Be6  14. Nd5  Nxd5
15. Bxd5  Bxd5  16. exd5
Rfe8  17. Re2  Rxe2
18. Qxe2  Bxb2  19. Re1
g6  20. g3  Kf8
21. a4  Re8  22. Qxe8+  Kg7
23. Qd7  Bd4  24. Re2
Kf8  25. Qc8+  Kg7
26. Qxb7  a5  27. Qb3
c4  28. Qxc4  Ba7
29. Qa6  Bc5  30. Qxa5
Qf3  31. Rd2  Qg4
32. Qc3+  Kg8  33. Qa1
h5  34. Rd1  h4
35. Re1  Qc8 36. Re4  g5  37.
gxh4  f5  38. Re7  Qf8
39. Re6  gxh4  40. Rg6+
Kh7  41. Qf6  Qxf6
42. Rxf6  Kg7  43. Rxf5
Kg6  44. Rf3  Kg5
45. Rc3  Ba7  46. a5
Bd4  47. Rc6  Kf4
48. a6  Kf3  49. Kf1
Bxf2  50. Rc7  Bb6
51. Rb7  Bd4  52. a7
Bxa7  53. Rxa7  1-0

[Event "MCR mladeze 2021 - D12"]
[Site "Kouty nad Desnou"]
[Date "2021.06.29"]
[Round "9"]
[White "Dorazilova, Kristyna"]
[Black "Rybackova, Lucie"]
[Result "1-0"]
[WhiteElo "1105"]
[BlackElo "1372"]
[EventDate "2021.06.22"]

1. e4  e5  2. Nf3  Nc6
3. Bb5  a6  4. Ba4
d6  5. d4  Bd7
6. O-O Nge7  7. c3  Ng6  8. Re1
Be7  9. Be3  h6
10. Nbd2  Bg5  11. Nf1  Bxe3
12. Nxe3  O-O  13. Rc1
b5  14. Bc2  Nce7
15. h3  f5  16. Qd2
f4  17. Nf1  Be6
18. Qd3  Bc4  19. Qd2
Be6  20. Qd3  Bc4
21. Qd2  Qe8  22. d5
Bxf1  23. Rxf1  Qf7
24. Rfd1  Qf6  25. Qd3
Nh4  26. Re1  Neg6
27. Bd1  Nxf3+  28. Qxf3
Qg5  29. Qg4  Qf6
30. c4  b4  31. c5
Nh4  32. cxd6  cxd6
33. Rc6  f3 34. g3  Ng6
35. Qe6+  Qxe6  36. dxe6
Rfd8  37. Bb3  Ne7
38. Rc7  Kf8  39. Re3
1-0

[Event "MCR mladeze 2021 - D12"]
[Site "Kouty nad Desnou"]
[Date "2021.06.29"]
[Round "9"]
[White "Mikesova, Lenka"]
[Black "Slivova, Linda"]
[Result "0-1"]
[WhiteElo "1010"]
[BlackElo "1150"]
[EventDate "2021.06.22"]

1. e4  d5  2. exd5  Qxd5
3. Nc3  Qd6  4. d4
Nf6  5. Nf3  c6
6. g3  Bg4  7. Be2  Bh3
8. Bf4  Qd8  9. Qd2
e6  10. O-O-O  Bb4
11. Qe3  Ng4  12. Qd2
Nxf2  13. Bxb8  Rxb8
14. Ng5  Bf5  15. Qf4
Nxh1  16. Rxh1  Bd6
17. Qe3  O-O  18. h4
h6  19. Nge4  Bxe4
20. Qxe4  Qf6  21. Bd3
Qg6  22. Qf3  Qxg3
0-1

[Event "MCR mladeze 2021 - D12"]
[Site "Kouty nad Desnou"]
[Date "2021.06.29"]
[Round "9"]
[White "Horkova, Tereza"]
[Black "Zadrapova, Amalie"]
[Result "1/2-1/2"]
[WhiteElo "1230"]
[BlackElo "1471"]
[EventDate "2021.06.22"]

1. e4  c5  2. c3  Nf6
3. e5  Nd5  4. d4
cxd4  5. cxd4  e6
6. Nf3  d6  7. Bc4
Nb6  8. Bb3  dxe5
9. dxe5  Qxd1+  10. Bxd1
Nc6  11. Bb3  f6
12. exf6  gxf6  13. O-O
Bd6  14. Re1  Ne5
15. Nxe5  Bxe5  16. Kh1
Ke7  17. Nd2  a5
18. a4  Bd6  19. Nc4
Nxc4  20. Bxc4  Bd7
21. Bd5  Rab8  22. Bd2
Be5  23. Bxa5  Bxb2
24. Rab1  Be5  25. Bxb7
Bxa4  26. Rec1  Bd7
27. Bc7  Bxc7  28. Rxc7
Rhd8  29. Rd1  Ke8
30. h3  e5  31. Bf3
Bf5  32. Bc6+  Kf8
33. Rxd8+  Rxd8  34. g4
Bg6  35. Kg2  Rd6
36. Bf3  Rd2  37. Bb7
Rb2  38. Bd5  e4
39. Kg3  Rd2  40. Bb7
Rd3+  41. Kg2  f5
42. gxf5  Bxf5  43. Bc8
Bg6  44. Bg4  1/2-1/2

[Event "MCR mladeze 2021 - D12"]
[Site "Kouty nad Desnou"]
[Date "2021.06.29"]
[Round "9"]
[White "Brezikova, Beata"]
[Black "Barteckova, Valerie"]
[Result "0-1"]
[WhiteElo "1219"]
[BlackElo "1292"]
[EventDate "2021.06.22"]

1. e4  e5  2. Nf3  d6
3. d4  exd4  4. Nxd4
Nf6  5. Nc3  Be7
6. Bc4  O-O  7. Bb3
Nc6  8. O-O  Ne5
9. a3  c5  10. Nde2
h6  11. h3  Re8
12. Re1  Bf8  13. Nf4  Be6
14. Nfd5  Rc8  15. Bf4
a6  16. a4  b6
17. Re3  Kh8  18. Qe2  Ra8
19. Rg3  Be7  20. Rd1
Qb8  21. Nxf6  Bxf6
22. Nd5  Qd8  23. Re3
Ra7  24. Bh2  Ng6
25. Nxf6  Qxf6  26. Rxd6
Qxb2  27. Rxb6  c4
28. Rxe6  Rxe6  29. Qxc4
Kh7  30. Qd3  Ree7
31. Qc3  Qxc3  32. Rxc3
Rxe4  33. f3  Re2
34. Bc4  Rd2  35. Bd3
Rb7  36. Bf4  Rxd3 0-1

[Event "MCR mladeze 2021 - D12"]
[Site "Kouty nad Desnou"]
[Date "2021.06.29"]
[Round "9"]
[White "Stehlikova, Vanessa"]
[Black "Kammova, Katerina"]
[Result "1/2-1/2"]
[WhiteElo "1034"]
[BlackElo "1121"]
[EventDate "2021.06.22"]

1. e4  e6  2. Nc3  d5
3. exd5  exd5  4. d4
Nf6  5. Nf3  Bg4
6. Be2  Be7  7. O-O
O-O  8. a3  a5
9. Be3  Nbd7  10. h3  Bh5
11. Nh2  Bg6  12. Nb1
c5  13. dxc5  Nxc5
14. Nc3  Ne6  15. Bd4
Nxd4  16. Qxd4  Bxc2
17. Qd2  Bb3  18. Nf3
a4  19. Nd4  Bc4
20. Rfe1  Bc5  21. Bxc4
dxc4  22. Ncb5  Ra5
23. Qc3  Bxd4  24. Nxd4
Rd5  25. Rad1  b5
26. Rd2  h6  27. f3
Qb6  28. Red1  Nh5
29. Kh2  Qb8+  30. Kg1
Qb6  31. Kh2  1/2-1/2

[Event "MCR mladeze 2021 - D12"]
[Site "Kouty nad Desnou"]
[Date "2021.06.29"]
[Round "9"]
[White "Stavova, Lucie"]
[Black "Bouchalova, Kveta"]
[Result "0-1"]
[WhiteElo "1105"]
[BlackElo "1230"]
[EventDate "2021.06.22"]

1. e4  e5  2. Nf3  Nc6
3. Nc3  Nf6  4. d4
exd4  5. Nxd4  Bb4
6. Nxc6  bxc6 7. Bd3  O-O
8. Bg5  Re8  9. O-O
h6  10. Bh4  Qe7
11. Re1  Qe5  12. g3
g5  13. f4  Qc5+
14. Kh1  gxh4  15. a3
Bxc3  16. bxc3  Kf8
17. g4  d6  18. h3
Qf2  19. Rf1  Qe3
20. Re1  Qxh3+  21. Kg1
Qxg4+  22. Qxg4  Nxg4
23. Kg2  Nf6  24. Rh1
h3+  25. Kf3  Bg4+
26. Kg3  h5  27. Rhe1
Kg7  28. Re3  h4+
29. Kxh4  Rh8+  30. Kg3
h2  31. Kg2  Rh6
32. Kf2  h1=Q  33. Rxh1 Rxh1 34.
Rg3  Rh4  35. e5  Ng8
36. c4  Kh6  37. Kg2
Kh5  38. c3  Nh6
39. Kg1  Rd8  40. Bc2
dxe5  41. fxe5  Rd2
42. Bb3  Nf5  43. a4
Nxg3  44. e6  Rhh2
45. Bd1  Rhg2# 0-1

[Event "MCR mladeze 2021 - D12"]
[Site "Kouty nad Desnou"]
[Date "2021.06.29"]
[Round "9"]
[White "Sochorova, Valentyna"]
[Black "Zilava, Lucie"]
[Result "1-0"]
[WhiteElo "1053"]
[BlackElo "1074"]
[EventDate "2021.06.22"]

1. e4  e5  2. Nf3  Nf6
3. Nxe5  Nc6  4. Nf3
Bc5  5. Nc3  Ng4
6. d4  Bb4  7. Bd2
d6  8. h3  Nf6
9. Bb5  O-O  10. O-O d5  11. e5
a6  12. Ba4  Bxc3
13. exf6  Qxf6  14. Bxc3 Qg6
15. Kh1  b5  16. Bb3
Rd8  17. Re1  Bf5
18. Nh4 Qg5  19. Nxf5  Qxf5
20. Qe2  a5  21. a4
b4  22. Bd2  Nxd4
23. Qd1  c5  24. Be3
Nxb3  25. cxb3  c4
26. bxc4  dxc4  27. Qc1
Rac8  28. Bb6  Rd6
29. Qe3  h6  30. Bd4
Rg6  31. Qe5  Qxf2
32. Bxf2  Kh7  33. Bd4
Rg8  34. Qxa5  b3
35. Qf5  c3  36. Bxc3
f6  37. h4  h5
38. Qxh5+  Rh6  39. Qf5+  g6
40. Re7+  Rg7  41. Rxg7+
Kxg7  42. Qxf6+  Kh7
43. Qg7# 1-0